Construction Manager (Record no. 118687)

MARC details
000 -LEADER
fixed length control field 00832cas a22002535a 4500
001 - CONTROL NUMBER
control field ##L99266
008 - FIXED-LENGTH DATA ELEMENTS--GENERAL INFORMATION
fixed length control field 070613c1995 xxkmr p 0 a0eng
022 1# - INTERNATIONAL STANDARD SERIAL NUMBER
International Standard Serial Number 1360-3566
035 ## - SYSTEM CONTROL NUMBER
System control number (Sirsi) u99266
041 0# - LANGUAGE CODE
Language code of text/sound track or separate title eng
110 2# - MAIN ENTRY--CORPORATE NAME
Corporate name or jurisdiction name as entry element Chartered Institute of Building
9 (RLIN) 2134
245 00 - TITLE STATEMENT
Title Construction Manager
260 3# - PUBLICATION, DISTRIBUTION, ETC.
Place of publication, distribution, etc. London
Name of publisher, distributor, etc. CIOB
Date of publication, distribution, etc. 1995-
362 ## - DATES OF PUBLICATION AND/OR SEQUENTIAL DESIGNATION
Dates of publication and/or sequential designation 1(1) October 1995-January 1999; January 2001-
510 2# - CITATION/REFERENCES NOTE
Name of source Knowledge Alert
Location within source 2006-
520 ## - SUMMARY, ETC.
Summary, etc. Free registration to website which includes articles from the current issue and a searchable archive. Also provides a job search and events details.
554 ## -
-- Ten per year
651 #4 - SUBJECT ADDED ENTRY--GEOGRAPHIC NAME
Geographic name United Kingdom
Chronological subdivision
690 ## - LOCAL SUBJECT ADDED ENTRY--TOPICAL TERM (OCLC, RLIN)
Topical term or geographic name as entry element BUILT ENVIRONMENT
780 00 - PRECEDING ENTRY
Title Chartered Builder
856 48 - ELECTRONIC LOCATION AND ACCESS
Uniform Resource Identifier <a href="https://www.construction-manager.co.uk/">https://www.construction-manager.co.uk/</a>
942 ## - ADDED ENTRY ELEMENTS (KOHA)
Suppress in OPAC 0
948 ## - LOCAL PROCESSING INFORMATION (OCLC); SERIES PART DESIGNATOR (RLIN)
c (OCLC) 26/02/1998
Holdings
Withdrawn status Lost status Source of classification or shelving scheme Damaged status Not for loan Home library Current library Shelving location Date acquired Total Checkouts Full call number Barcode Date last seen Price effective from Koha item type
    Other/Generic Classification Scheme     London London Gallery 09/08/2004   CONSTRUCTION MANAGER 99266-1001 06/08/2019 06/08/2019 Journal